Normal view
MARC view
Entry Uniform Title
001 - CONTROL NUMBER
- control field: 43314
003 - CONTROL NUMBER IDENTIFIER
- control field: dpl
005 - DATE AND TIME OF LATEST TRANSACTION
- control field: 20120302113641.0
008 - FIXED-LENGTH DATA ELEMENTS
- fixed length control field: 120302|||a|||||| | ||| d
040 ## - CATALOGING SOURCE
- Original cataloging agency: dpl
- Transcribing agency: dpl
130 ## - HEADING--UNIFORM TITLE
- Uniform title: Gandhi studies.
670 ## - SOURCE DATA FOUND
- Source citation: Work cat.: (dpl)33596: Banerjee, Samir 16237, Notes from Gandhigram :, 2009
670 ## - SOURCE DATA FOUND
- Source citation: Work cat.: (dpl)33596: Banerjee, Samir 16237, Notes from Gandhigram :, 2009
